Obchodné právo záväzkové právo

Salvato in:
Dettagli Bibliografici
Autore principale: Ovečková, Oľga
Altri autori: Žitňanská, Lucia
Natura: Libro
Lingua:slovacco
Pubblicazione: Bratislava Iuris Libri 2013
Edizione:2. dopl. a preprac. vyd.
Soggetti:
Tags: Aggiungi Tag
Nessun Tag, puoi essere il primo ad aggiungerne!!

MARC

LEADER 00000nam a2200000 4500
001 0234765
005 20221207093715.9
020 |a 978-80-89635-05-4 
041 0 |a slo 
044 |a SK 
245 1 0 |a Obchodné právo  |b záväzkové právo  |c Oľga Ovečková, Lucia Žitňanská a kolektív 
250 |a 2. dopl. a preprac. vyd. 
264 1 |a Bratislava  |b Iuris Libri  |c 2013 
300 |a 419 s. 
610 2 0 |a právo obchodné 
610 2 0 |a právo záväzkové 
610 2 0 |a vzťahy obchodné záväzkové 
610 2 0 |a premlčanie 
610 2 0 |a zmluvy obchodné 
610 2 0 |a zmluvy kúpne 
610 2 0 |a zmluvy o predaji podniku 
610 2 0 |a zmluvy o dielo 
610 2 0 |a zmluvy licenčné 
610 2 0 |a franchising 
610 2 0 |a zmluvy príkazné 
610 2 0 |a zmluvy mandátne 
610 2 0 |a zmluvy komisionárske 
610 2 0 |a zmluvy sprostredkovateľské 
610 2 0 |a zmluvy o činnosti kontrolnej 
610 2 0 |a banky 
610 2 0 |a obchod medzinárodný 
100 1 |a Ovečková, Oľga 
700 1 |a Žitňanská, Lucia